00511nam a22001577a 4500003000400000082001900004100001900023245003900042260004500081300000700126650004100133653004100174942001200215952010900227999001700336SGT a617.6342bA23C aChalana, Megha aActivation of Root canal irrigants aGurugram, HaryanabSGT University c2023 a83 aConservative Dentistry & Endodontics aConservative Dentistry & Endodontics 2ddccTH 00102ddc4071aFDbFDd2024-01-16iSGTUl0o617.6342 A23CpDT1772r2024-01-16 00:00:00w2024-01-16yTH c25621d25621